Zinda Roud: Hayat-e-Iqbal ka ekhtatami dour (Record no. 5160)
[ view plain ]
| 000 -LEADER | |
|---|---|
| fixed length control field | 00273 a2200109 4500 |
| 040 ## - CATALOGING SOURCE | |
| Original cataloging agency | DLC |
| 082 ## - DEWEY DECIMAL CLASSIFICATION NUMBER | |
| Classification number | 912 |
| 100 ## - MAIN ENTRY--PERSONAL NAME | |
| Personal name | Dr. Javed Iqbal. |
| 245 ## - TITLE STATEMENT | |
| Title | Zinda Roud: Hayat-e-Iqbal ka ekhtatami dour |
| Statement of responsibility, etc. | Dr. Javed Iqbal. |
| 700 ## - ADDED ENTRY--PERSONAL NAME | |
| Personal name | Iqbal, Muhammad. |
| 942 ## - ADDED ENTRY ELEMENTS (KOHA) | |
| Koha item type | Book |
| Call number prefix | 912 JAV |
| Source of classification or shelving scheme | |
| Withdrawn status | Lost status | Damaged status | Not for loan | Collection code | Permanent Location | Current Location | Shelving location | Date acquired | Source of acquisition | Cost, normal purchase price | Total Checkouts | Full call number | Barcode | Date last seen | Price effective from | Koha item type |
|---|---|---|---|---|---|---|---|---|---|---|---|---|---|---|---|---|
| Central Library (CL) | Central Library (CL) | General Stacks | 08/01/2002 | Book Centre | 91.66 | 912 JAV | SEECS002172 | 11/14/2012 | 01/05/2017 | Book | ||||||
| Central Library (CL) | Central Library (CL) | General Stacks | 07/10/2002 | Book Centre | 91.66 | 912 JAV | SEECS002169 | 10/14/2023 | 01/05/2017 | Book |
